A Trip to Mexico (Record no. 4078)

MARC details
000 -CABECERA
campo de control de longitud fija 00977nam a2200241 a 4500
001 - NÚMERO DE CONTROL
campo de control BRCA_4367
005 - FECHA Y HORA DE LA ÚLTIMA TRANSACCIÓN
campo de control 20190320204638.0
008 - DATOS DE LONGITUD FIJA--INFORMACIÓN GENERAL
campo de control de longitud fija 221109s1880----cn-a######---#000-0#eng-#
041 ## - CÓDIGO DE LENGUA
Código de lengua del texto/banda sonora o título independiente eng
044 ## - CÓDIGO DEL PAÍS DE LA ENTIDAD EDITORA/PRODUCTORA
Código MARC del país cn
050 #4 - SIGNATURA TOPOGRÁFICA DE LA BIBLIOTECA DEL CONGRESO
Número de clasificación F1215
Número de documento/Ítem .B43 2
-- 1880
100 1# - ENTRADA PRINCIPAL--NOMBRE DE PERSONA
Nombre de persona Becher, Henry C. R.
9 (RLIN) 9909
245 10 - MENCIÓN DE TÍTULO
Título A Trip to Mexico
Resto del título Being Notes of a Journey from Lake Erie to Lake Tezcuco and Back, with an Appendix, Containing and Being a Paper about the Ancient Nations and Races who Inhabited Mexico Before and at the Time of the Spanish Conquest, and the Ancient Stone and other Structures and Ruins of Ancient Cities found there.
Mención de responsabilidad, etc. by H. C. R. Becher.
260 ## - PUBLICACIÓN, DISTRIBUCIÓN, ETC.
Lugar de publicación, distribución, etc. Toronto, Canadá
Nombre del editor, distribuidor, etc. Willing and Williamson
Fecha de publicación, distribución, etc. 1880
300 ## - DESCRIPCIÓN FÍSICA
Extensión vii, 183 p.
Otras características físicas il.
Dimensiones 22 cm.
500 ## - NOTA GENERAL
Nota general Ejemplar igual a B163
500 ## - NOTA GENERAL
Nota general B164
650 14 - PUNTO DE ACCESO ADICIONAL DE MATERIA--TÉRMINO DE MATERIA
Término de materia o nombre geográfico como elemento de entrada Viajeros canadienses
9 (RLIN) 9910
651 #4 - PUNTO DE ACCESO ADICIONAL DE MATERIA--NOMBRE GEOGRÁFICO
Nombre geográfico México
Subdivisión general Antigüedades
9 (RLIN) 2765
651 #4 - PUNTO DE ACCESO ADICIONAL DE MATERIA--NOMBRE GEOGRÁFICO
Nombre geográfico México
Subdivisión general Descripción y viajes
9 (RLIN) 103
902 ## - CATALOGADOR
Iniciales GFM
942 ## - ELEMENTOS DE PUNTO DE ACCESO ADICIONAL (KOHA)
Fuente del sistema de clasificación o colocación Library of Congress Classification
Tipo de ítem Koha Libros
Holdings
Estado de retiro Estado de pérdida Estado dañado No para préstamo Localización permanente Ubicación/localización actual Fecha de adquisición Número de inventario Total de préstamos Signatura topográfica completa Código de barras Fecha visto por última vez Precio válido a partir de Tipo de ítem Koha
El ejemplar forma parte de la colección y puede ser consultado según las políticas vigentes.       Biblioteca del Museo Franz Mayer (Rogerio Casas-Alatriste) Biblioteca del Museo Franz Mayer (Rogerio Casas-Alatriste) 16/07/2010 B164   F1215 .B43 2 1880 (B164) 4364 22/03/2019 22/03/2019 Libros